000 00890nac a22002171u 4500
010 _a 2005295557
020 _a075064933X
035 _a(OCoLC)ocm44933677
082 0 0 _a621.3815
_bSi621
090 _c1903
_d1903
100 _aSinclair, Ian Robertso
245 1 0 _aPassive components for circuit design /
_cIan Sinclair.
260 _aOxford ;
_aBoston :
_bNewnes,
_c2001.
300 _aviii, 295 p. :
_bill. ;
_c24 cm.
500 _aIncludes index.
650 0 _aElectronic circuit design.
856 4 2 _3Publisher description
_uhttp://www.loc.gov/catdir/enhancements/fy0627/2005295557-d.html
856 4 2 _3Table of contents only
_uhttp://www.loc.gov/catdir/enhancements/fy0627/2005295557-t.html
942 _cBB
_k621.3815
999 _c1903
_d1903